| 000 | 01829nam a2200361 c 4500 | ||
|---|---|---|---|
| 003 | BLK | ||
| 005 | 20230420131909.0 | ||
| 008 | 180409b bul|||||r ||||||| ||bul|| | ||
| 010 | _aKNG00102688000 | ||
| 020 |
_a957-607-507-8 _bиздат.: ЛИК |
||
| 040 | _aBLK | ||
| 041 |
_aBUL _cBUL |
||
| 080 |
_aПсихотерапия - Психодрама, лечение по системата на йогите, колективна психотерапия, терапевтично влияние на музиката, изкуство. Медитация - психотерапевтични аспекти. Самовнушение. Вж и 616.89 _b615.851 _x(035) _z615.851(035) |
||
| 700 | 1 |
_aБонгар, Брус _eпод ред. на _941197 |
|
| 700 | 1 |
_aБютлър, Лари Е. _eпод ред. на _944867 |
|
| 700 | 1 |
_aАндреева, Людмила Маринова _9365194 |
|
| 139 |
_aПълен наръчник по психотерапия _bП 96 |
||
| 245 | 1 | 0 |
_aПълен наръчник по психотерапия _cпод ред. на Брус Бонгар; под ред. на Лари Е. Бютлър; прев. Людмила Маринова Андреева. |
| 257 | _aUSA | ||
| 260 |
_аСофия _bЛИК _c2002 |
||
| 300 |
_a708 с. _c25 см |
||
| 380 | _a61 | ||
| 500 | _aПрев. по Comprehensive Textbook of Psychotherapy. - Офс. изд. - Библиогр. след отд. гл. ; Азб. показалец. | ||
| 650 | 4 |
_aПсихотерапия - наръчници и ръководства _9242291 |
|
| 653 | _aпсихотерапия | ||
| 653 | _aнаръчници | ||
| 653 | _aръководства | ||
| 852 | _aЦб 212149 | ||
| 856 | 4 |
_qpdf _u |
|
| 856 | 4 |
_qpdf _u |
|
| 942 |
_cKNG _n0 _04 |
||
| 944 |
_aCR _c01.01.2002 _kЛюдмила_Стоянова |
||
| 944 |
_aED _c18.05.2004 _k |
||
| 999 |
_c97773 _d97773 |
||